Score 0/24 Timer 13:00
0 Plays Today
Clue Name % Correct
Spanish clay court master, Olympic gold medalist and thorn in Roger Federer's sideRafael Nadal
88.4%
22-time WTA grand slam winner who married Andre AgassiSteffi Graf
79.1%
University of Iowa TE who was the Colts' first-round draft pick in 2003Dallas Clark
73.4%
'Hammerin'' former Braves slugger and Presidential Medal of Freedom recipientHank Aaron
73.4%
Retired 14-time All-Star Yankee shortstopDerek Jeter
68.2%
Explosive WR out of Oklahoma State, drafted by the Dallas Cowboys in 2010Dez Bryant
56%
Pro Bowl CB who was traded to the New York Jets before the 2010 seasonAntonio Cromartie
49.1%
British tennis player who won the 2013 and 2016 Wimbledon tournamentsAndy Murray
48.8%
Nickname shared by an MLB third baseman and an American male tennis playerA-Rod
46.1%
RB who scored a then-record 28 touchdowns in the 2005 NFL seasonShaun Alexander
45.1%
Pro Bowl CB drafted #5 overall by the Dallas Cowboys in 2003Terence Newman
35.4%
Had two consecutive 30-30 seasons with the Atlanta Braves in the early 90sRon Gant
34.6%
Clue Name % Correct
Former boxing champ who famously lost two fights to Muhammad AliSonny Liston
30.1%
Enforcer who played most notably with the Maple Leafs and retired with the 3rd most penalty minutes in NHL historyTie Domi
30%
Super Bowl XXV MVP with the Giants. Retired as the Cardinals' all-time rushing leaderOttis Anderson
27%
Two-time Super Bowl winning defensive tackle nicknamed 'Booger'Anthony McFarland
20.7%
Former NHL goalie for the Stars, Wild and BruinsManny Fernandez
18.8%
Mexican catcher who was a member of the Diamondbacks' WS-winning teamRod Barajas
18.7%
NHL center originally drafted by the Oilers. Scored the Stanley Cup winning goal for the New Jersey Devils in 2000Jason Arnott
16.5%
Former NHL center for the Whalers, Islanders, Rangers, Kings, Thrashers and Blues who became more well-known as a broadcasterRay Ferraro
13.7%
Hall of Fame shortstop for the Pirates and Dodgers from 1932-1948. Died in a boating accident in 1952Arky Vaughan
13.2%
Hall of Fame 2B for the Yankees in the 20s and 30sTony Lazzeri
12.2%
American NHL winger who won a Stanley Cup with the Hurricanes in 2006Erik Cole
10%
In a lopsided NHL trade in 2000, he and Mark Parrish were sent to the Islanders for Roberto Luongo and Olli JokinenOleg Kvasha
6.2%

You're not logged in!

Compare scores with friends on all Sporcle quizzes.
OR
Log In

Sporcle TV

Today on Sporcle TV


Watch our educational content, quiz creation guides, and fun videos on Sporcle TV.

Show Comments

Extras

Top Quizzes Today


Score Distribution

Paid Content

Your Account Isn't Verified!

In order to create a playlist on Sporcle, you need to verify the email address you used during registration. Go to your Sporcle Settings to finish the process.

Report this User

Report this user for behavior that violates our Community Guidelines.

Details: